Teória účtovníctva

Guardado en:
Detalles Bibliográficos
Autor principal: Laučík, Zdenko
Autor Corporativo: Vysoká škola ekonomická v Bratislave. Fakulta riadenia
Formato: Libro
Lenguaje:eslovaco
Publicado: Bratislava Vysoká škola ekonomická 1989
Edición:1. vyd.
Etiquetas: Agregar Etiqueta
Sin Etiquetas, Sea el primero en etiquetar este registro!

MARC

LEADER 00000nam a2200000 4500
001 c025724
005 20221215071650.0
041 0 |a slo 
044 |a SK 
245 1 0 |a Teória účtovníctva  |c Zdenko Laučík 
250 |a 1. vyd. 
264 1 |a Bratislava  |b Vysoká škola ekonomická  |c 1989 
300 |a 378 s. 
100 1 |a Laučík, Zdenko 
710 2 |a Vysoká škola ekonomická v Bratislave. Fakulta riadenia